MARC

LEADER 00000nam0a2200000 4500
001 372263
005 20231102012446.0
035 |a (RuTPU)RU\TPU\retro\29684 
035 |a RU\TPU\book\269183 
090 |a 372263 
100 |a 20221214d1986 k y0rusy50 ca 
101 0 |a rus 
102 |a BY 
105 |a a z 001zy 
200 1 |a Нестационарные двухфазные газожидкостные течения в каналах  |f П. М. Колесников, А. А. Карпов  |g Академия наук Белорусской ССР (АН БССР), Институт тепло- и массообмена им. А. В. Лыкова (ИТМО) ; под ред. Р. И. Солоухина 
210 |a Минск  |c Наука и техника  |d 1986 
215 |a 216 с.  |c ил. 
320 |a Библиогр.: с. 208-215. 
606 1 |a Жидкости  |x Истечение  |2 stltpush  |3 (RuTPU)RU\TPU\subj\10889  |9 37898 
610 1 |a фазовые превращения 
610 1 |a кинетическая теория 
610 1 |a тепломассообмен 
610 1 |a частицы 
610 1 |a движение 
610 1 |a капли 
610 1 |a пузырьки 
610 1 |a газожидкостные потоки 
610 1 |a нестационарные течения 
610 1 |a фазовые превращения 
610 1 |a исследование 
610 1 |a оптические методы 
610 1 |a двухфазные потоки 
675 |a 532.52  |v 3 
700 1 |a Колесников  |b П. М.  |g Павел Михеевич 
701 1 |a Карпов  |b А. А.  |g Александр Александрович 
702 1 |a Солоухин  |b Р. И.  |4 340 
712 0 2 |a Академия наук Белорусской ССР (АН БССР)  |b Институт тепло- и массообмена им. А. В. Лыкова (ИТМО)  |c (Минск)  |2 stltpush  |3 (RuTPU)RU\TPU\col\11896 
801 1 |a RU  |b 63413507  |c 20140111 
801 2 |a RU  |b 63413507  |c 20221214  |g RCR 
942 |c BK